| 000 | 00992nam a2200313 a 4500 | ||
|---|---|---|---|
| 005 | 20200104041525.0 | ||
| 008 | 140303s1999 ck gr|||| 00| 0 spa d | ||
| 040 |
_aCO-BoIAVH _cCO-BoIAVH |
||
| 041 | 0 | _aspa | |
| 044 | _ack | ||
| 082 | 0 | 4 |
_a338.9 _bC74c |
| 111 | 2 |
_aCongreso Colombiano de Etnobiología _cVillavicencio _d1999 _n2 |
|
| 245 | 1 | 0 |
_aResúmenes congreso colombiano de etnobiología : _bResumenes / _cUNILLANOS |
| 260 |
_aVillavicencio : _bUNILLANOS, _c1999. |
||
| 300 |
_a20 páginas ; _c22 x 17 cm. |
||
| 650 | 6 | _aEtnobiología | |
| 650 | 6 | _aEtnobotánica | |
| 650 | 6 | _aUso de biodiversidad | |
| 650 | 6 | _aValoración económica | |
| 650 | 6 | _aUso sostenible | |
| 650 | 6 | _aAgricultura | |
| 650 | 6 | _aSeguridad alimentaria | |
| 650 | 6 | _aBiotecnología | |
| 650 | 6 | _aComunidades indígenas | |
| 650 | 6 | _aCacería | |
| 650 | 6 | _aComunidades negras | |
| 662 | _aColombia | ||
| 942 |
_cLIBRO _2ddc |
||
| 999 |
_c1894 _d1894 |
||